000 00768nam a2200229 i 4500
001 60776
003 ES-MaACL
005 20230906164314.0
007 t|
008 031106s1976 sp ||||1| spa d
100 1 _aEstornés Zubizarreta, Idoia.
_948186
245 1 0 _aCarlismo y abolición foral
_b: en torno a un centenario, 1876-1976 /
_c[por] Idoia Estornes.
260 _aSan Sebastián :
_bAuñamendi,
_c[1976]
300 _a250 p. ;
_c18 cm.
490 1 _aColección Auñamendi ;
_v107
610 2 4 _aPartido Carlista.
_96133
650 4 _aNacionalismo-
_zPaís Vasco-
_yS.XIX.
_915460
651 4 _aPaís Vasco-
_xHistoria-
_yS.XIX.
_9142384
830 0 _aColección Auñamendi ;
_v107
_9181019
852 _aES-MaACL
_jA-5704
_bR.96460
999 _c60776
_d60776